| 000 | 00463nam a2200157Ia 4500 | ||
|---|---|---|---|
| 999 |
_c19457 _d19457 |
||
| 003 | OSt | ||
| 005 | 20200619140211.0 | ||
| 008 | 190216s9999||||xx |||||||||||||| ||und|| | ||
| 040 | _coclc | ||
| 082 |
_a954 _bMAH/B |
||
| 100 |
_a Mahajan, Vidya Dhar _91752 |
||
| 245 | 0 |
_aA Brief Survey Of Indian History / _cVidya Dhar Mahajan |
|
| 260 |
_bOrient Longman, _c1974. _aNew Delhi: |
||
| 300 | _a364p | ||
| 942 |
_cBK _2ddc _h954 _iMAH/B _k954 _mMAH/B |
||